Statistiche per Stemmi Squadre di calcio - UEFA - Quiz n°18

Clicka qui per fare il quiz!

Statistiche generali

  • Questo quiz è stato fatto 46 volte
  • Il punteggio medio è 9 su 10

Statistiche sulle risposte

Risposta% Corretto
Unión Deportiva Almería
100%
1. Fußballclub Union Berlin
98%
Football Club Viktoria Plzeň
98%
Športový Klub Slovan Bratislava
98%
Valencia Club de Fútbol
98%
Club Brugge Koninklijke Voetbalvereniging
95%
LOSC Lille
95%
Società Sportiva Calcio Napoli
95%
Professional'nyj Futbol'nyj Klub Central'nyj Sportivnyj Klub Armii
88%
Futbol'nyj Klub Rubin Kazan'
35%

Distribuzione punteggi

Percentile per numero di risposta

Percentuale di utenti per punteggio

I tuoi punteggi nel tempo

Non hai fatto questo quiz